000 00893nam a22002057a 4500
005 20240530110508.0
008 151024s2011 ua a g 000 0 ara d
017 _a2011/11273
_bمصر . دار الكتب المصرية
040 _aEG-CaGPL
082 0 4 _221
_a658.5421\
_bى ت
100 0 _aيوسف ابوالحجاج .
245 1 0 _aتعلم كيف تنجز اكثر فى وقت اقل :
_bمهارات تنظيم الوقت و العمل بكفاءة : اكثر من 111 وسيلة و طريقة للتغلب على ضيق الوقت و ضغوط العمل /
_cتاليف يوسف ابوالحجاج .
250 _aط1.
260 _aالقاهرة :
_bمكتبة جزيرة الورد ،
_c2011 .
300 _a287 ص ؛
_c24 سم .
650 0 4 _aادارة الوقت .
650 0 4 _aتخطيط الوقت .
942 _2ddc
_cBK
999 _c61613
_d61613